I didn't see it coming, the only book you'ii ever need to avoid being blindsided in business (Record no. 573887)
[ view plain ]
| 000 -LEADER | |
|---|---|
| fixed length control field | 00596nam a22001817a 4500 |
| 003 - CONTROL NUMBER IDENTIFIER | |
| control field | CEME |
| 005 - DATE AND TIME OF LATEST TRANSACTION | |
| control field | 20210628203504.0 |
| 008 - FIXED-LENGTH DATA ELEMENTS--GENERAL INFORMATION | |
| fixed length control field | 210121b xxu||||| |||| 00| 0 eng d |
| 020 ## - INTERNATIONAL STANDARD BOOK NUMBER | |
| International Standard Book Number | 978-0-470106456 |
| 040 ## - CATALOGING SOURCE | |
| Transcribing agency | . |
| 082 ## - DEWEY DECIMAL CLASSIFICATION NUMBER | |
| Classification number | 658.409 WID |
| 100 ## - MAIN ENTRY--PERSONAL NAME | |
| Personal name | Widmann, Nancy C, Eisenman, Elane J, Kopelan, Amy Dorn |
| 9 (RLIN) | 65772 |
| 245 ## - TITLE STATEMENT | |
| Title | I didn't see it coming, the only book you'ii ever need to avoid being blindsided in business |
| 260 ## - PUBLICATION, DISTRIBUTION, ETC. | |
| Place of publication, distribution, etc. | USA |
| Name of publisher, distributor, etc. | JOHN WILEY & SONS |
| Date of publication, distribution, etc. | 2007 |
| 300 ## - PHYSICAL DESCRIPTION | |
| Extent | XX,204P |
| 650 ## - SUBJECT ADDED ENTRY--TOPICAL TERM | |
| Topical term or geographic name entry element | LEADERSHIP.MANAGEMENT.WORK ENVORONMENT.SUCCESS IN BUSINESS |
| 9 (RLIN) | 65773 |
| 942 ## - ADDED ENTRY ELEMENTS (KOHA) | |
| Koha item type | Book |
| Source of classification or shelving scheme | |
| Withdrawn status | Lost status | Damaged status | Not for loan | Permanent Location | Current Location | Shelving location | Date acquired | Total Checkouts | Total Renewals | Full call number | Barcode | Date last seen | Date last checked out | Price effective from | Koha item type |
|---|---|---|---|---|---|---|---|---|---|---|---|---|---|---|---|
| College of Electrical & Mechanical Engineering (CEME) | College of Electrical & Mechanical Engineering (CEME) | General Stacks | 07/28/2017 | 1 | 1 | 658.409 WID | CEME-45265 | 01/29/2026 | 11/06/2025 | 06/28/2021 | Book |
